| 000 | 00658cam a2200145 4500500 | ||
|---|---|---|---|
| 005 | 20251228053405.0 | ||
| 041 | _afre | ||
| 042 | _adc | ||
| 100 | 1 | 0 |
_aMouthon, Fabrice _eauthor |
| 245 | 0 | 0 | _aRobert Valladier-Chante, En Ardèche autrefois. Haut-Vivarais et Boutières au xve siècle. Paroisses et société rurale, t. 1 et 2, Valence, Éditions et Régions, 2004, 557 p., 23 €, isbn 2847940324 |
| 260 | _c2005. | ||
| 500 | _a2 | ||
| 786 | 0 | _nHistoire & Sociétés Rurales | 24 | 2 | 2005-10-01 | p. 171r-276r | 1254-728X | |
| 856 | 4 | 1 | _uhttps://shs.cairn.info/revue-histoire-et-societes-rurales-2005-2-page-171r?lang=fr&redirect-ssocas=7080 |
| 999 |
_c1585355 _d1585355 |
||